[Event "ODEM U25A 2013"]
[Site "Oberhof GER"]
[Date "2013.05.19"]
[Round "1"]
[White "Weber, Yannik"]
[Black "Kast, Joannis"]
[Result "0-1"]
[Termination "normal"]
[Board "52"]
[WhiteElo "1542"]
[BlackElo "1823"]
[PlyCount "60"]
[WhiteFideId "24692700"]
[BlackFideId "24698776"]
[EventCountry "GER"]
[EventRounds "9"]
[EventType "swiss"]
[EventDate "2013.05.18"]

1. d4 b6 2. c4 Bb7 3. Nc3 e6 4. f3 f5 5. g3 Bb4 6. Qd3 Nf6 7. Bg5 O-O 8. a3
Bxc3+ 9. Qxc3 Qc8 10. Bxf6 Rxf6 11. O-O-O d6 12. Bg2 Nd7 13. h4 a5 14. Rh2 e5
15. g4 fxg4 16. fxg4 exd4 17. Qxd4 Ne5 18. g5 Rf8 19. Bh3 Qe8 20. h5 Qe7 21.
Qh4 Rae8 22. h6 g6 23. Re1 Qf7 24. Rf1 Qe7 25. Rhf2 Rxf2 26. Rxf2 Nf7 27. Rf6
Qe3+ 28. Kd1 Qxg1+ 29. Kd2 Qxg5+ 30. Rf4 Qxh4 0-1